МЕТОДИЧЕСКИЕ указания по ведению Государственного водного кадастра. Разд. 1: Поверхностные воды (Запись № 6975494)

Подробности
000 -МАРКЕР
контрольное поле 01466nam2a22002531 4500
001 - ИДЕНТИФИКАТОР ЗАПИСИ
контрольное поле rc\370268
005 - ИДЕНТИФИКАТОР ВЕРСИИ
контрольное поле 20070322110753.1
035 ## - ДРУГИЕ СИСТЕМНЫЕ НОМЕРА
Идентификатор записи (NLR Aleph) 005975637
100 ## - ДАННЫЕ ОБЩЕЙ ОБРАБОТКИ
Данные общей обработки 20070322d1989 u |0rusy50 ca
101 0# - ЯЗЫК РЕСУРСА
Язык текста, звукозаписи и т.д. русский
102 ## - СТРАНА ПУБЛИКАЦИИ ИЛИ ПРОИЗВОДСТВА
Страна публикации Российская Федерация
105 ## - ПОЛЕ КОДИРОВАННЫХ ДАННЫХ: ТЕКСТОВЫЕ МАТЕРИАЛЫ, МОНОГРАФИЧЕСКИЕ
Кодированные данные о монографическом текстовом документе a |||||||||
200 1# - ЗАГЛАВИЕ И СВЕДЕНИЯ ОБ ОТВЕТСТВЕННОСТИ
Основное заглавие Поверхностные воды
Первые сведения об ответственности [Сост. к. г. н. В.П. Мочаловым и др.]
Последующие сведения об ответственности Каз. регион. н.-и. гидрометеорол. ин-т
Обозначение и номер части Вып. 3
Наименование части Составление и подготовка к печати изданий серии 2 "Ежегодные данные". Ч. 4: Ежегодные данные о селевых потоках
210 ## - ПУБЛИКАЦИЯ, РАСПРОСТРАНЕНИЕ И ДР.
Дата издания, распространения и т.д. 1989
215 ## - ФИЗИЧЕСКАЯ ХАРАКТЕРИСТИКА
Специфическое обозначение материала и объем 94 с.
Другие сведения о физической характеристике схем.
320 ## - ПРИМЕЧАНИЯ О НАЛИЧИИ В ДОКУМЕНТЕ БИБЛИОГРАФИИ / УКАЗАТЕЛЯ
Текст примечания Библиогр.: с. 94
461 #0 - УРОВЕНЬ НАБОРА
Встроенное поле 001rc\370266
-- 2001#$aМЕТОДИЧЕСКИЕ указания по ведению Государственного водного кадастра$fГос. ком. СССР по гидрометеорологии$vРазд. 1
Системный номер (АБИС) связанной записи 9563658
Место публикации Алма-Ата
Дата публикации 1989
Первые сведения об ответственности Гос. ком. СССР по гидрометеорологии
Имя издателя, распространителя и т.д. Б. и.
Заглавие МЕТОДИЧЕСКИЕ указания по ведению Государственного водного кадастра
Номер тома Разд. 1
702 #1 - ИМЯ ЛИЦА - ВТОРИЧНАЯ ОТВЕТСТВЕННОСТЬ
Начальный элемент ввода Мочалов
Часть имени, кроме начального элемента ввода В. П.
Расширение инициалов личного имени Владислав Павлович
Код отношения Составитель
801 #0 - ИСТОЧНИК ЗАПИСИ
Страна Российская Федерация
Организация NLR
Правила каталогизации psbo
801 #1 - ИСТОЧНИК ЗАПИСИ
Страна Российская Федерация
Организация ELAR
Источник данных rusmarc
852 ## - МЕСТОНАХОЖДЕНИЕ И ШИФР ХРАНЕНИЯ
Идентификатор организации NLR
Шифр хранения (Call Number) 79-7/902
942 ## - ДОПОЛНИТЕЛЬНЫЕ ЭЛЕМЕНТЫ ЗАПИСИ (АБИС)
Тип экземпляра АБИС Книга
980 ## - КОЛЛЕКЦИЯ
Название коллекции Национальная библиография
Экземпляры
Тип экземпляра Дата поступления Библиотека постоянного хранения Библиотека текущего хранения Место хранения Шифр хранения Штрих-код Статус экземпляра
Книга 26.10.2013 РНБ (Московский) РНБ (Московский) Русский книжный фонд: издания с 1957 года 79-7/902 5975637-10